000 01164nam a22003497a 4500
001 BR0203594
003 BR-BrBNA
005 20230928101118.0
007 ta
008 230509b bl.||||| |||| 00| 0 por d
040 _aBR-BrBNA
_bpor
_cBiblioteca Nacional de Agricultura
041 _a(Por)
072 _aQ54; Q04
_b5212
_b9410
_b9702
090 _ 5212 BR0203594
100 1 _aMedeiros, S.R. de
110 1 _aEscola Superior de Agricultura Luiz de Queiroz, Piracicaba, SP (Brasil)
_0Tese (Doutor em Agronomia)
245 1 _aÁcido linoléico conjugado: teores nos alimentos e seu uso no aumento da produção de leite com maior teor de proteína e perfil de ácidos graxos modificado
260 3 _aPiracicaba, SP (Brasil):
_c2002.
300 _a98 p.
500 _aSummaries (Eng, Por); Bibliography p. 81-95; 29 tables; 7 illus.
650 _aBOVINO
650 _aLEITE
650 _aCARNE
650 _aÁCIDO GRAXO
650 _aPRODUÇÃO LEITEIRA
650 _aPROTEÍNA
650 _aVALOR NUTRITIVO
650 _aCOMPOSIÇÃO DE ALIMENTO
650 _aSUPLEMENTO ALIMENTAR
909 _a202309
_bLucia
_c55
_dLucia Elande
942 _cBK
999 _c64309
_d64309